| 000 | 00769nam a2200253Ia 4500 | ||
|---|---|---|---|
| 003 | OSt | ||
| 005 | 20220928110612.0 | ||
| 006 | a|||||r|||| 00| 0 | ||
| 007 | ta | ||
| 008 | 220927b |||||||| |||| 00| 0 hin d | ||
| 020 | _c650 | ||
| 024 | _a126760 | ||
| 037 |
_b60, 05/11/2014, Literacy House _cTextual |
||
| 040 |
_aSDCL _cSDCL _bhin |
||
| 041 |
_2hin _ahin |
||
| 082 | _aO152,1(delta25):g, Q3 | ||
| 100 |
_aAry Devender _9419967 |
||
| 245 | 0 | _aSant sahity aur bhartiya varamya main prateekon ka vikas | |
| 260 |
_aDelhi _bHastakshar Prakashan _c2013 |
||
| 300 |
_a5;336p _ccm. |
||
| 650 |
_aHindi _9391598 |
||
| 942 |
_hO152,1(delta25):g, Q3 _cTEXL _2CC |
||
| 999 |
_c736173 _d736173 |
||